00810nam a22002417a 450000500170000001000150001702000260003202000230005803500130008103700130009408200130010710000200012024500980014026000440023827000460028230000220032850000640035050000500041465000170046465000280048165000340050965000250054320140708125456.0 aENG-109635 c240.00a9781259098529 c240.00a1259098524 aEN-93168 bDBAD/PUB a658.4092 aCottrell, David00aThe magic question :cby David Cottrellba simple question every leader dreams of answering / aNew DelhibMcGraw Hill Education c2013 aP-24, Green Park Extn.bNew Delhie110016 av,97p.c23cm(pbk) a "What if every person in you rorganization asked..."--T.p. a Includes bibliographical references (p. 95). a Leadership. aTeams in the workplace. a Communication in management. a Employee motivation